[Event "Reykjavik Open"]
[Site "Reykjavik ISL"]
[Date "2017.04.22"]
[EventDate "2017.04.19"]
[Round "5.29"]
[Result "0-1"]
[White "Matthias Kiese"]
[Black "Bjorn Ahlander"]
[WhiteElo "2247"]
[BlackElo "2416"]
[PlyCount "96"]

1. d4 d5 2. c4 e6 3. Nc3 Nf6 4. Bg5 Be7 5. e3 O-O 6. Nf3 h6
7. Bh4 b6 8. Rc1 Bb7 9. Bxf6 Bxf6 10. cxd5 exd5 11. b4 Re8
12. b5 a6 13. a4 Be7 14. Bd3 axb5 15. axb5 Nd7 16. O-O Bd6
17. Qc2 Nf6 18. Ra1 Qe7 19. g3 g6 20. Nh4 Ne4 21. Nxe4 dxe4
22. Bc4 Kg7 23. Qb3 f5 24. Bd5 Rxa1 25. Rxa1 Bc8 26. Ra8 Bd7
27. Rxe8 Qxe8 28. Bc6 Bxc6 29. bxc6 Qf7 30. d5 Qf6 31. h3 Qa1+
32. Kh2 Kf6 33. Ng2 g5 34. h4 Qa3 35. Qc4 Qd3 36. Qa2 Qa3
37. Qc4 Qb2 38. hxg5+ hxg5 39. Kg1 b5 40. Qf1 b4 41. Qa6 Qb1+
42. Kh2 Qd3 43. Qc8 Qxd5 44. Qh8+ Kg6 45. Qe8+ Qf7 46. Qb8 Kg7
47. Qd8 Qh5+ 48. Kg1 Qd1+ 0-1

[Event "Reykjavik Open"]
[Site "Reykjavik ISL"]
[Date "2017.04.22"]
[EventDate "2017.04.19"]
[Round "5.31"]
[Result "1/2-1/2"]
[White "Sue Maroroa"]
[Black "Tuvshintugs Batchimeg"]
[WhiteElo "2148"]
[BlackElo "2394"]
[PlyCount "90"]

1. e4 d5 2. exd5 Nf6 3. Nc3 Nxd5 4. Bc4 Nb6 5. Bb3 Nc6 6. a4
Nd4 7. Ba2 Bg4 8. f3 Bf5 9. d3 e6 10. Be3 Bc5 11. Bf2 Qg5
12. Kf1 O-O-O 13. Ne4 Bxe4 14. fxe4 Nxa4 15. Nf3 Nxf3 16. Qxf3
Bxf2 17. Qxf2 Nb6 18. g3 Qe5 19. Kg2 Qxb2 20. Bb3 Kb8 21. Qxf7
Rxd3 22. Rhb1 Rd2+ 23. Kh3 Qe5 24. Qf3 h5 25. Qf4 Qd4 26. c3
Qxc3 27. Bxe6 Qc2 28. Rh1 h4 29. Rac1 hxg3+ 30. Kg4 Qd3
31. hxg3 Qe2+ 32. Kg5 Rhd8 33. Rxc7 Ka8 34. Rxg7 Qb5+ 35. Bf5
Nc4 36. Rhh7 Na5 37. Qc7 R2d4 38. Rd7 Rg8+ 39. Rdg7 Re8
40. Re7 Rdd8 41. Rxe8 Rxe8 42. Re7 Rf8 43. Rf7 Re8 44. Re7 Rf8
45. Rf7 Re8 1/2-1/2

[Event "Reykjavik Open"]
[Site "Reykjavik ISL"]
[Date "2017.04.22"]
[EventDate "2017.04.19"]
[Round "5.32"]
[Result "1-0"]
[White "Jakob Pfreundt"]
[Black "Bjorn Holm Birkisson"]
[WhiteElo "2392"]
[BlackElo "2057"]
[PlyCount "107"]

1. e4 c5 2. Nf3 d6 3. Bb5+ Bd7 4. Bxd7+ Qxd7 5. O-O Nf6 6. Qe2
e6 7. d4 cxd4 8. Nxd4 Nc6 9. Rd1 Be7 10. c4 O-O 11. Nc3 a6
12. b3 Rac8 13. Bb2 Rfe8 14. Rac1 Qc7 15. Nf3 Ne5 16. h3 Qb8
17. Nd4 Bd8 18. Nf3 Be7 19. a4 Ned7 20. Qe3 Nc5 21. Nd2 Bd8
22. Qg3 Bc7 23. Nd5 Nh5 24. Nf6+ Nxf6 25. Bxf6 g6 26. Qe3 Nd7
27. Bb2 Bd8 28. Nf3 Bf6 29. Bxf6 Nxf6 30. Qd4 e5 31. Qd3 Rc6
32. Nh2 Rec8 33. Nf1 b5 34. axb5 axb5 35. Ne3 bxc4 36. Rxc4
Qb7 37. f3 Nh5 38. Rxc6 Rxc6 39. Nd5 Nf4 40. Nxf4 exf4 41. Kh2
Qb4 42. Ra1 Rb6 43. Ra8+ Rb8 44. Qc4 Qb6 45. Rxb8+ Qxb8 46. b4
Qb6 47. b5 h5 48. Qd5 Kg7 49. Qc6 Qf2 50. Qc3+ Kh6 51. b6 Qxb6
52. Qf6 Qc7 53. Qh8+ Kg5 54. h4+ 1-0

[Event "Reykjavik Open"]
[Site "Reykjavik ISL"]
[Date "2017.04.22"]
[EventDate "2017.04.19"]
[Round "5.38"]
[Result "1-0"]
[White "Throstur Thorhallsson"]
[Black "Alistair Hill"]
[WhiteElo "2423"]
[BlackElo "2209"]
[PlyCount "119"]

1. e4 c5 2. Nf3 Nc6 3. Nc3 Nf6 4. d4 cxd4 5. Nxd4 e5 6. Ndb5
d6 7. a4 a6 8. Na3 Bg4 9. Qd3 Be6 10. Bg5 Rc8 11. Be2 h6
12. Bxf6 Qxf6 13. Nd5 Qg6 14. Ne3 Be7 15. c3 O-O 16. O-O Rfd8
17. Nac4 Bg5 18. Nb6 Rb8 19. Rfd1 Bxe3 20. Qxe3 Ne7 21. Bf3
Qg5 22. Qxg5 hxg5 23. h3 Nc8 24. Nxc8 Rbxc8 25. Bg4 Bxg4
26. hxg4 Kf8 27. f3 Ke7 28. Kf2 Rc5 29. Ke3 d5 30. Rd2 d4+
31. cxd4 exd4+ 32. Rxd4 Rxd4 33. Kxd4 Rc2 34. b4 Kd6 35. Rh1
b5 36. axb5 axb5 37. Rh7 Rc4+ 38. Kd3 Rxb4 39. Rxg7 f6 40. Rb7
Kc5 41. Rc7+ Kd6 42. Rf7 Ke6 43. Rb7 Ke5 44. Rd7 Rb2 45. Rd5+
Ke6 46. Kc3 Rxg2 47. Rxb5 Rf2 48. Rf5 Rf1 49. Kd2 Ra1 50. e5
fxe5 51. Rxg5 Ra3 52. Ke2 Rb3 53. Rg6+ Kd5 54. Ra6 Rb4 55. Ke3
Rb3+ 56. Kf2 Rb4 57. g5 e4 58. Ra5+ Ke6 59. f4 Rb3 60. Re5+
1-0

[Event "Reykjavik Open"]
[Site "Reykjavik ISL"]
[Date "2017.04.22"]
[EventDate "2017.04.19"]
[Round "5.40"]
[Result "0-1"]
[White "Pouelsten Holm Grabow"]
[Black "Bjorn Thorfinnsson"]
[WhiteElo "2135"]
[BlackElo "2413"]
[PlyCount "94"]

1. Nf3 Nf6 2. b3 d6 3. Bb2 e5 4. d3 Be7 5. g3 Be6 6. Bg2 Qc8
7. h3 h6 8. c4 c5 9. Nc3 Nc6 10. e4 a6 11. Nd5 Bd8 12. Qd2 b5
13. g4 Ng8 14. Ng1 Bxd5 15. exd5 Ba5 16. Bc3 Bxc3 17. Qxc3 Nd4
18. Nf3 Nxf3+ 19. Bxf3 Ne7 20. Be4 O-O 21. Qd2 Ng6 22. Bxg6
fxg6 23. Qe3 Rf4 24. Rg1 Ra7 25. Rg3 Raf7 26. f3 Qd8 27. Kf2
h5 28. gxh5 gxh5 29. Rag1 Qa5 30. Qe2 h4 31. Rg6 Rxf3+ 32. Kg2
Qc3 33. Rxd6 Rxd3 34. Rd8+ Rf8 35. Rxf8+ Kxf8 36. Rf1+ Kg8
37. Rf3 bxc4 38. bxc4 Rxf3 39. Qxf3 Qxf3+ 40. Kxf3 g5 41. Ke3
Kf7 42. Kf3 Kf6 43. Ke3 g4 44. hxg4 h3 45. Kf2 e4 46. d6 Ke6
47. g5 Kxd6 0-1

[Event "Reykjavik Open"]
[Site "Reykjavik ISL"]
[Date "2017.04.22"]
[EventDate "2017.04.19"]
[Round "5.42"]
[Result "0-1"]
[White "Martin P Burrows"]
[Black "Justin Sarkar"]
[WhiteElo "2113"]
[BlackElo "2390"]
[PlyCount "92"]

1. e4 Nf6 2. e5 Nd5 3. d4 d6 4. c4 Nb6 5. exd6 cxd6 6. Nc3 g6
7. Be3 Bg7 8. Rc1 O-O 9. b3 Bf5 10. Nf3 d5 11. c5 Nc8 12. b4
a6 13. Qb3 e6 14. Be2 Nc6 15. O-O Bg4 16. Rfd1 N8e7 17. b5
axb5 18. Nxb5 Na5 19. Qb1 Nc4 20. Bf4 Nf5 21. h3 Bxf3 22. Bxf3
Na3 23. Nxa3 Rxa3 24. Qxb7 Rxf3 25. gxf3 Qh4 26. Qc7 Qxh3
27. Bg5 f6 28. Qh2 Qxh2+ 29. Kxh2 fxg5 30. c6 Rc8 31. Kg2 Nxd4
32. c7 Nb5 33. Rc5 Nxc7 34. Rdc1 Be5 35. Re1 Bd6 36. Rc6 Rd8
37. a4 Kf7 38. Rec1 Kf6 39. a5 Bf4 40. Rd1 Ra8 41. Ra1 d4
42. Kf1 d3 43. a6 Ra7 44. Ra3 d2 45. Ke2 h5 46. Ra1 h4 0-1

[Event "Reykjavik Open"]
[Site "Reykjavik ISL"]
[Date "2017.04.22"]
[EventDate "2017.04.19"]
[Round "5.50"]
[Result "1/2-1/2"]
[White "Laurence E Webb"]
[Black "Timothy David Harding"]
[WhiteElo "2271"]
[BlackElo "2017"]
[PlyCount "135"]

1. e4 e5 2. Nf3 Nc6 3. Bb5 a6 4. Ba4 Nf6 5. O-O Be7 6. Re1 b5
7. Bb3 O-O 8. h3 Re8 9. d4 d6 10. c3 h6 11. Nbd2 Bf8 12. Nf1
exd4 13. cxd4 d5 14. e5 Ne4 15. Ne3 Be6 16. Bc2 Nb4 17. Bb1 c5
18. Nxd5 Nxf2 19. Nf6+ Qxf6 20. exf6 Nxd1 21. Rxd1 Rad8
22. Bd2 cxd4 23. fxg7 Kxg7 24. Bxb4 Bxb4 25. Bd3 Bc4 26. b3
Bxd3 27. Rxd3 Bc5 28. Rc1 Rd5 29. Kf2 Re6 30. g4 f5 31. Re1
Kf6 32. Rxe6+ Kxe6 33. Kg3 Rd8 34. Nh4 fxg4 35. hxg4 Ke5
36. Kf3 Rf8+ 37. Ke2 Rf6 38. Rh3 Kf4 39. Rf3+ Kg5 40. Rxf6
Kxf6 41. Nf3 Ke6 42. Kd3 Kd5 43. g5 hxg5 44. Nxg5 Bf8 45. Ne4
Bg7 46. Ng5 Bf6 47. Ne4 Be5 48. Ng5 a5 49. Ne4 Bh8 50. Nf2 Kc5
51. Kc2 a4 52. Nd3+ Kd5 53. bxa4 bxa4 54. Nb2 a3 55. Nd3 Kc4
56. Nc1 Bf6 57. Nd3 Be7 58. Kd2 Bd8 59. Kc2 Bc7 60. Ne1 Ba5
61. Nd3 Bc3 62. Nc1 Kd5 63. Kd3 Ke5 64. Nb3 Kd5 65. Nc1 Bb2
66. Ne2 Kc5 67. Nf4 Bc3 68. Ne2 1/2-1/2

[Event "Reykjavik Open"]
[Site "Reykjavik ISL"]
[Date "2017.04.22"]
[EventDate "2017.04.19"]
[Round "5.53"]
[Result "1/2-1/2"]
[White "Isaac K Steincamp"]
[Black "Orn Leo Johannsson"]
[WhiteElo "2009"]
[BlackElo "2236"]
[PlyCount "130"]

1. d4 d6 2. Bf4 g6 3. Nc3 Bg7 4. e4 Nd7 5. Nf3 c5 6. dxc5 Nxc5
7. e5 Ne6 8. Bb5+ Bd7 9. Bxd7+ Qxd7 10. Bg3 Rd8 11. exd6 Nh6
12. Qe2 O-O 13. O-O Nf5 14. dxe7 Qxe7 15. Be5 Ng5 16. Nxg5
Bxe5 17. Nf3 Bxc3 18. Qxe7 Nxe7 19. bxc3 Rc8 20. Rfd1 Rxc3
21. Rd7 Nc6 22. Rxb7 Rxc2 23. h4 Rb8 24. Rxb8+ Nxb8 25. Ne5
Nc6 26. Nxc6 Rxc6 27. a4 a5 28. g3 Rc4 29. Kf1 Kg7 30. Ke2 Kf6
31. Kd3 Rb4 32. Ke3 Kf5 33. Kf3 f6 34. Ra3 g5 35. hxg5 fxg5
36. Kg2 h5 37. Rf3+ Ke5 38. Ra3 h4 39. Kh3 Kf5 40. Rf3+ Kg6
41. Ra3 Kh5 42. gxh4 gxh4 43. f3 Kg5 44. Ra1 Kf5 45. Ra2 Rc4
46. Ra3 Rf4 47. Kg2 Ke5 48. Kf2 Rb4 49. Ke3 h3 50. Ra1 Rb3+
51. Kf2 Kf4 52. Kg1 Kg3 53. Rf1 Kf4 54. Kh2 Ra3 55. Kxh3 Rxa4
56. Kg2 Ra3 57. Rf2 a4 58. Re2 Ra1 59. Kf2 a3 60. Re4+ Kf5
61. Ra4 a2 62. Kg2 Ke5 63. f4+ Kf5 64. Kh2 Rf1 65. Rxa2 Rxf4
1/2-1/2

[Event "Reykjavik Open"]
[Site "Reykjavik ISL"]
[Date "2017.04.22"]
[EventDate "2017.04.19"]
[Round "5.54"]
[Result "0-1"]
[White "Elena Cherednichenko"]
[Black "Dimitri van Leent"]
[WhiteElo "2053"]
[BlackElo "2230"]
[PlyCount "110"]

1. d4 f5 2. g3 Nf6 3. Bg2 e6 4. Nf3 d5 5. c4 c6 6. b3 Bd6
7. O-O Qe7 8. Nc3 O-O 9. Na4 Nbd7 10. Nb2 b6 11. Nd3 Ba6
12. Qc2 Rac8 13. cxd5 cxd5 14. Qd1 Ne4 15. Bb2 Rc7 16. Nfe5
Rfc8 17. Nxd7 Qxd7 18. f3 Nc3 19. Bxc3 Rxc3 20. Qd2 Rc2
21. Qe3 Bxd3 22. exd3 Bb4 23. Rf2 Qd6 24. Bh3 Rxf2 25. Qxf2
Rc6 26. Qe3 Bc3 27. Rd1 Qb4 28. Kh1 Qxd4 29. Qe2 Qe5 30. Qf2
Bd4 31. Qf1 Qe3 32. f4 Qf2 33. Qxf2 Bxf2 34. Rd2 Be3 35. Re2
d4 36. Bf1 Kf7 37. Kg2 Rc3 38. Rb2 Kf6 39. h4 g6 40. Kf3 h5
41. Kg2 e5 42. fxe5+ Kxe5 43. Kf3 Kd6 44. Kg2 a5 45. Kf3 Kc5
46. Kg2 Kb4 47. Kh3 Rc1 48. Bg2 Kc3 49. Re2 Kxd3 50. Rb2 Kc3
51. Re2 Rc2 52. Re1 Kd2 53. Rb1 d3 54. Bd5 Kc3 55. Re1 d2 0-1

[Event "Reykjavik Open"]
[Site "Reykjavik ISL"]
[Date "2017.04.22"]
[EventDate "2017.04.19"]
[Round "5.56"]
[Result "1-0"]
[White "Alberto Prieto"]
[Black "Kristjan Edvardsson"]
[WhiteElo "1999"]
[BlackElo "2228"]
[PlyCount "151"]

1. d4 Nf6 2. Nf3 e6 3. Bg5 c5 4. e3 Qb6 5. Nc3 cxd4 6. Bxf6
gxf6 7. Qxd4 Qxd4 8. Nxd4 a6 9. g3 Bb4 10. Ne2 Nc6 11. O-O-O
Ke7 12. Bg2 Ne5 13. h3 Rb8 14. a3 Ba5 15. b3 b5 16. f4 Nc6
17. Ne4 Bb6 18. Nd4 Bb7 19. Rh2 f5 20. Nc3 Rhg8 21. Nxf5+ Kf8
22. Nh6 Rxg3 23. Rxd7 Bxe3+ 24. Kb1 Na5 25. Rxf7+ Ke8 26. Bxb7
Rxb7 27. Rxb7 Nxb7 28. Ne2 Rf3 29. Ng4 Bxf4 30. Nxf4 Rxf4
31. Rf2 Rxf2 32. Nxf2 Ke7 33. Kc1 Kf6 34. Kd2 Kg5 35. Ke3 h5
36. Ke4 Kf6 37. Nd3 Nd6+ 38. Kf4 Nf7 39. Nc5 e5+ 40. Kg3 Nd6
41. Nxa6 Nf5+ 42. Kf2 Nd4 43. Nb4 Kg5 44. a4 bxa4 45. bxa4 Kf4
46. a5 e4 47. Nd5+ Ke5 48. c4 Nc6 49. a6 Kd4 50. Ne3 Kd3
51. h4 Kd2 52. Nf1+ Kd3 53. Ng3 e3+ 54. Ke1 Kxc4 55. Nxh5 Kd4
56. Ng3 Kc5 57. Ke2 Kb6 58. Kxe3 Ne5 59. Ke4 Ng4 60. Kf4 Nf6
61. Kf5 Ng8 62. Ne4 Nh6+ 63. Kg6 Ng4 64. Nc5 Ne5+ 65. Kf5 Nf7
66. h5 Nh6+ 67. Kg6 Ng4 68. h6 Nxh6 69. Kxh6 Ka7 70. Kg6 Kb6
71. Kf6 Ka7 72. Ke6 Kb6 73. Kd6 Ka7 74. Kc6 Kb8 75. Kb6 Ka8
76. Ne6 1-0

[Event "Reykjavik Open"]
[Site "Reykjavik ISL"]
[Date "2017.04.22"]
[EventDate "2017.04.19"]
[Round "5.58"]
[Result "0-1"]
[White "Smari Olafsson"]
[Black "Dmitrijs Tokranovs"]
[WhiteElo "1998"]
[BlackElo "2227"]
[PlyCount "117"]

1. e4 d5 2. exd5 Nf6 3. d4 Nxd5 4. c4 Nb6 5. Nc3 e5 6. d5 Bb4
7. a3 Bxc3+ 8. bxc3 O-O 9. Be2 c6 10. Be3 cxd5 11. Bxb6 Qxb6
12. cxd5 Qc5 13. Qb3 Rd8 14. Rd1 Nd7 15. Nf3 e4 16. Ng5 Nf6
17. Rd4 Bf5 18. O-O h6 19. Nh3 Bxh3 20. gxh3 Rac8 21. Bc4 b5
22. Qxb5 Qxb5 23. Bxb5 Rxc3 24. d6 Rxa3 25. Rc1 Rb3 26. Ba4
Rb6 27. d7 Kf8 28. Rc7 a5 29. Rdc4 Ke7 30. Rc8 Nxd7 31. Rxe4+
Re6 32. Rxe6+ fxe6 33. Rc7 Kd6 34. Ra7 Nb6 35. Rxa5 Nd5
36. Ra7 g6 37. Kg2 Ke5 38. Bc2 Rc8 39. Bb1 Rc1 40. Rb7 Nf4+
41. Kg3 Rg1+ 42. Kf3 Nxh3 43. Rb5+ Kf6 44. Rb6 g5 45. Ba2 g4+
46. Ke3 Re1+ 47. Kd2 Re5 48. Rb8 Ng1 49. Rb1 Re2+ 50. Kd3 Rxa2
51. Rxg1 Rxf2 52. Rxg4 Rxh2 53. Ke4 h5 54. Rf4+ Ke7 55. Rf3
Ra2 56. Kf4 Ra5 57. Rb3 Kf6 58. Rb8 Ra4+ 59. Kf3 0-1

[Event "Reykjavik Open"]
[Site "Reykjavik ISL"]
[Date "2017.04.22"]
[EventDate "2017.04.19"]
[Round "5.60"]
[Result "1-0"]
[White "Alan Entem"]
[Black "Dawid Kolka"]
[WhiteElo "2200"]
[BlackElo "1931"]
[PlyCount "93"]

1. e4 d6 2. d4 Nf6 3. Nc3 g6 4. f4 Bg7 5. Nf3 O-O 6. Bc4 c6
7. e5 dxe5 8. fxe5 Nd5 9. O-O Nxc3 10. bxc3 e6 11. Ng5 Qe7
12. Ne4 b6 13. Bg5 Qc7 14. Qf3 Nd7 15. Qf4 c5 16. Bd3 c4
17. Be2 Bb7 18. Be7 Nxe5 19. Bxf8 Rxf8 20. dxe5 Bxe5 21. Qh4
f5 22. Ng5 Bf6 23. Bxc4 Qe7 24. Bxe6+ Kh8 25. Qxh7+ Qxh7
26. Nxh7 Kxh7 27. Rad1 Bc6 28. Bd5 Bb5 29. Rf3 Rd8 30. Re3 Kg7
31. Bf3 Rc8 32. Be2 Ba4 33. Rd6 Bxc3 34. Re7+ Kh6 35. Rxa7
Bxc2 36. Rdd7 Be5 37. h4 Rh8 38. Ra6 Bf4 39. Bd3 Bd1 40. Bxf5
Be2 41. Bd3 Bg4 42. Re7 Bd6 43. Rf7 Be5 44. Raa7 Bb2 45. Kh2
Be5+ 46. g3 Bb2 47. Rac7 1-0

[Event "Reykjavik Open"]
[Site "Reykjavik ISL"]
[Date "2017.04.22"]
[EventDate "2017.04.19"]
[Round "5.65"]
[Result "1/2-1/2"]
[White "Jon Kristinsson"]
[Black "Margarita Baliuniene"]
[WhiteElo "2166"]
[BlackElo "1897"]
[PlyCount "52"]

1. d4 d5 2. c4 e6 3. Nc3 Nf6 4. Bg5 Be7 5. Nf3 Nbd7 6. e3 O-O
7. Rc1 a6 8. Bd3 dxc4 9. Bxc4 b5 10. Bb3 Bb7 11. O-O c5
12. Qe2 h6 13. Bh4 cxd4 14. exd4 Nb6 15. Rfd1 Nfd5 16. Bg3 Rc8
17. Ne4 Rxc1 18. Rxc1 Qa8 19. Nd6 Bxd6 20. Bxd6 Rd8 21. Be5
Nd7 22. Bd6 N7f6 23. Be5 Nd7 24. Bd6 N7f6 25. Be5 Nd7 26. Bd6
N7f6 1/2-1/2

[Event "Reykjavik Open"]
[Site "Reykjavik ISL"]
[Date "2017.04.22"]
[EventDate "2017.04.19"]
[Round "5.66"]
[Result "0-1"]
[White "Pal Magnussen"]
[Black "Luca Barillaro"]
[WhiteElo "1909"]
[BlackElo "2164"]
[PlyCount "110"]

1. e4 g6 2. d4 Bg7 3. Nf3 d6 4. h3 c6 5. Nc3 b5 6. Bd3 a6
7. Bf4 Nd7 8. O-O e5 9. Be3 Ngf6 10. Qd2 O-O 11. Rad1 Bb7
12. dxe5 dxe5 13. Ne2 Qe7 14. Ng3 Rfd8 15. Qe1 Rac8 16. Nh2 c5
17. c4 bxc4 18. Bxc4 Nxe4 19. Nxe4 Bxe4 20. Ng4 Nb6 21. Bxa6
Rxd1 22. Qxd1 Ra8 23. Be2 h5 24. Nh2 Nd5 25. Bc4 Rd8 26. Qb3
Kh7 27. Bc1 Nb4 28. Nf3 f6 29. Re1 Qb7 30. a3 Nc2 31. Qxb7
Bxb7 32. Rf1 e4 33. Nd2 f5 34. Nb3 Bd4 35. Na5 Bd5 36. Bxd5
Rxd5 37. Nc4 Bf6 38. b3 Rd3 39. b4 cxb4 40. axb4 Nxb4 41. Bf4
Rc3 42. Be5 Bxe5 43. Nxe5 Nd3 44. Nd7 Kg7 45. Nb6 Rc2 46. Nd5
Rc5 47. Nb6 Kf7 48. Rd1 Ke6 49. Rd2 Rc1+ 50. Kh2 Rf1 51. f3
Ke5 52. fxe4 fxe4 53. g4 hxg4 54. hxg4 Kd4 55. Kg2 Rf6 0-1

[Event "Reykjavik Open"]
[Site "Reykjavik ISL"]
[Date "2017.04.22"]
[EventDate "2017.04.19"]
[Round "5.69"]
[Result "1/2-1/2"]
[White "Jim Murray"]
[Black "John A Kvamme"]
[WhiteElo "1896"]
[BlackElo "2151"]
[PlyCount "88"]

1. e4 c5 2. Nf3 g6 3. Bc4 Bg7 4. O-O Nc6 5. Qe2 d6 6. a4 Nf6
7. h3 O-O 8. Nc3 b6 9. d3 Bb7 10. Re1 a6 11. Be3 e6 12. d4 d5
13. exd5 Nxd5 14. Bxd5 exd5 15. Qd2 c4 16. Bh6 Qd6 17. Bxg7
Kxg7 18. Ne2 b5 19. Ng3 Qf6 20. Ne5 Rfe8 21. Nxc6 Bxc6
22. Rxe8 Rxe8 23. axb5 axb5 24. Ra6 Re6 25. c3 Bd7 26. Rxe6
Bxe6 27. Qe3 h5 28. Qe5 h4 29. Ne2 g5 30. f3 Kg6 31. Qxf6+
Kxf6 32. Nc1 Kg6 33. Na2 f5 34. Nb4 f4 35. Nc6 Kf6 36. Kf2 Bd7
37. Nb4 Ke6 38. Ke2 Kd6 39. Kd2 Bc8 40. Nc2 Bf5 41. Nb4 Be6
42. Na6 Kc6 43. Nc5 Bc8 44. b4 Kb6 1/2-1/2

[Event "Reykjavik Open"]
[Site "Reykjavik ISL"]
[Date "2017.04.22"]
[EventDate "2017.04.19"]
[Round "5.74"]
[Result "1/2-1/2"]
[White "Nansy Davidsdottir"]
[Black "Jukka Johansson"]
[WhiteElo "1864"]
[BlackElo "2122"]
[PlyCount "60"]

1. e4 c5 2. Nf3 d6 3. d4 cxd4 4. Nxd4 Nf6 5. Nc3 a6 6. Be2 e5
7. Nb3 Be7 8. O-O O-O 9. Be3 Be6 10. f3 Nbd7 11. f4 Rc8
12. Kh1 b5 13. Bf3 Qc7 14. Rc1 Nb6 15. Bxb6 Qxb6 16. f5 Bc4
17. Re1 Rfe8 18. Nd2 b4 19. Ne2 d5 20. exd5 Bxd5 21. Ng3 Rcd8
22. Qe2 Bc5 23. Nge4 Nxe4 24. Nxe4 Be7 25. c4 bxc3 26. bxc3
Qa5 27. c4 Bxe4 28. Bxe4 Rd2 29. Qh5 Bf6 30. Bd5 Rf8 1/2-1/2

[Event "Reykjavik Open"]
[Site "Reykjavik ISL"]
[Date "2017.04.22"]
[EventDate "2017.04.19"]
[Round "5.76"]
[Result "1-0"]
[White "Bragi Halldorsson"]
[Black "Pall Thorsson"]
[WhiteElo "2110"]
[BlackElo "1688"]
[PlyCount "99"]

1. d4 d5 2. c4 e6 3. Nc3 Nf6 4. Bg5 Be7 5. e3 O-O 6. Nf3 c6
7. Qc2 Nbd7 8. Bd3 h6 9. Bh4 Re8 10. O-O dxc4 11. Bxc4 Nb6
12. Bd3 Nbd5 13. a3 Bd7 14. Rfd1 b5 15. Ne5 Rc8 16. b4 Nxc3
17. Qxc3 Nd5 18. Bxe7 Nxc3 19. Bxd8 Nxd1 20. Bh4 Nb2 21. Be4
g5 22. Nxd7 gxh4 23. Nf6+ Kf8 24. Nxe8 Kxe8 25. Rc1 Nc4
26. Bd3 Nd6 27. Rc5 f5 28. f3 a5 29. e4 axb4 30. axb4 f4
31. Rh5 Ra8 32. Rxh6 Ra1+ 33. Kf2 Ra2+ 34. Be2 Ke7 35. Rxh4
Rb2 36. Rxf4 Rxb4 37. h4 Rxd4 38. h5 e5 39. Rh4 b4 40. h6 c5
41. h7 Nf7 42. Rh5 Kd6 43. Rh6+ Kc7 44. Re6 b3 45. Re7+ Kb6
46. Rxf7 Rd8 47. Bc4 b2 48. Bd5 Rxd5 49. h8=Q Rd2+ 50. Kg3 1-0

[Event "Reykjavik Open"]
[Site "Reykjavik ISL"]
[Date "2017.04.22"]
[EventDate "2017.04.19"]
[Round "5.80"]
[Result "0-1"]
[White "Lynda Roberts"]
[Black "Dale R Haessel"]
[WhiteElo "1849"]
[BlackElo "2095"]
[PlyCount "140"]

1. e4 e5 2. Nf3 d6 3. d4 exd4 4. Nxd4 Nf6 5. Nc3 Be7 6. Be2
O-O 7. O-O c5 8. Nf3 Nc6 9. h3 Be6 10. Bf4 d5 11. exd5 Nxd5
12. Nxd5 Bxd5 13. c3 Re8 14. Ne5 Nxe5 15. Bxe5 Bf8 16. Bg3 Qb6
17. Qc2 c4 18. Rfe1 Qc6 19. Bf1 Be4 20. Qd2 Rad8 21. Qf4 Bd6
22. Qh4 b5 23. Bxd6 Rxd6 24. Rad1 Rxd1 25. Rxd1 f6 26. f3 Bf5
27. Qd4 Be6 28. Kf2 a5 29. g3 Kf7 30. Bg2 Qc8 31. h4 Re7
32. Qd8 Qc5+ 33. Qd4 Qc7 34. Qd6 Qc8 35. Qd8 Qc5+ 36. Qd4 Qf5
37. g4 Qc2+ 38. Rd2 Qc1 39. Re2 b4 40. f4 bxc3 41. bxc3 Bxg4
42. Bd5+ Ke8 43. Rxe7+ Kxe7 44. Qc5+ Kd7 45. Bc6+ Ke6
46. Qxc4+ Kd6 47. Bf3 Bxf3 48. Kxf3 Qh1+ 49. Kg3 Qe1+ 50. Kh3
Qe3+ 51. Kg2 Qc5 52. Qb3 Qc6+ 53. Kg3 a4 54. Qb4+ Ke6 55. c4
Qd6 56. Qxa4 Qd3+ 57. Kf2 Kf5 58. c5 Qd2+ 59. Kf3 Qc3+ 60. Ke2
Qxc5 61. Qd7+ Kxf4 62. Qxg7 Qc2+ 63. Ke1 Qb1+ 64. Ke2 Qxa2+
65. Ke1 Qb1+ 66. Ke2 Qb2+ 67. Kf1 Kf3 68. Kg1 Qd4+ 69. Kh2
Qxh4+ 70. Kg1 Qg4+ 0-1

[Event "Reykjavik Open"]
[Site "Reykjavik ISL"]
[Date "2017.04.22"]
[EventDate "2017.04.19"]
[Round "5.83"]
[Result "1-0"]
[White "Bjorgvin Viglundsson"]
[Black "Arnar Heidarsson"]
[WhiteElo "2143"]
[BlackElo "1391"]
[PlyCount "103"]

1. d4 Nf6 2. c4 e6 3. g3 Bb4+ 4. Bd2 Bxd2+ 5. Qxd2 O-O 6. Bg2
d5 7. Nf3 b6 8. cxd5 Nxd5 9. O-O Bb7 10. Nc3 Nxc3 11. Qxc3 Nd7
12. Rfd1 Rc8 13. Qa3 a6 14. Rac1 Re8 15. Ne1 Bxg2 16. Nxg2 a5
17. Qa4 Nf6 18. Nf4 Qe7 19. Nd3 Qd7 20. Qxd7 Nxd7 21. Rc6 Nb8
22. Rc3 c6 23. Rdc1 Re7 24. Kg2 Rec7 25. a3 Nd7 26. b4 axb4
27. axb4 b5 28. Kf3 Kf8 29. e4 Ke7 30. Ke2 f6 31. Nc5 Nxc5
32. Rxc5 Kd6 33. Ra1 Re8 34. Ra6 Kd7 35. f4 Rd8 36. Ke3 g6
37. g4 Kd6 38. Rxb5 Ra8 39. e5+ fxe5 40. dxe5+ Kd7 41. Rbb6
Rca7 42. Rxa7+ Rxa7 43. Rb8 Ra3+ 44. Kd4 Rh3 45. Rb7+ Kd8
46. Kc5 Rxh2 47. Kxc6 Rd2 48. Rxh7 Rd4 49. b5 Rxf4 50. b6 Rc4+
51. Kd6 Rd4+ 52. Kxe6 1-0

[Event "Reykjavik Open"]
[Site "Reykjavik ISL"]
[Date "2017.04.22"]
[EventDate "2017.04.19"]
[Round "5.86"]
[Result "1/2-1/2"]
[White "Anders Persson"]
[Black "Oskar Long Einarsson"]
[WhiteElo "2078"]
[BlackElo "1681"]
[PlyCount "60"]

1. d4 Nf6 2. c4 g6 3. Nc3 d5 4. Bg5 h6 5. Nf3 Bg7 6. e3 Ne4
7. Bh4 Nxc3 8. bxc3 dxc4 9. Bxc4 O-O 10. O-O c5 11. Qe2 cxd4
12. cxd4 Nc6 13. a4 Bg4 14. h3 Bf5 15. Rfd1 Na5 16. Ba2 Be4
17. Qb5 Bxf3 18. gxf3 b6 19. Rac1 Qd6 20. Rc2 Rac8 21. Rdc1
Rxc2 22. Rxc2 Bxd4 23. Bg3 Be5 24. Bxe5 Qd1+ 25. Kg2 Qxc2
26. Bxf7+ Kxf7 27. Qd5+ Ke8 28. Qa8+ Kf7 29. Qd5+ Ke8 30. Qa8+
Kf7 1/2-1/2

[Event "Reykjavik Open"]
[Site "Reykjavik ISL"]
[Date "2017.04.22"]
[EventDate "2017.04.19"]
[Round "5.87"]
[Result "0-1"]
[White "Sigurlaug Regina Fridthjofsdottir"]
[Black "Gylfi Thorhallsson"]
[WhiteElo "1750"]
[BlackElo "2070"]
[PlyCount "123"]

1. e4 e6 2. d3 d5 3. Nd2 c5 4. Ngf3 Nc6 5. g3 Nf6 6. Bg2 Be7
7. O-O O-O 8. c3 Qc7 9. Re1 b6 10. a3 Ba6 11. e5 Nd7 12. d4
Bd3 13. Nf1 Bg6 14. Bf4 Rac8 15. Rc1 cxd4 16. cxd4 Qb7 17. h4
Na5 18. Qe2 Nb3 19. Rxc8 Rxc8 20. Qb5 Bc2 21. Ne3 a6 22. Qe2
Be4 23. Rd1 b5 24. h5 Qb6 25. Bh3 Bxf3 26. Qxf3 Nxd4 27. Qg4
f5 28. exf6 Nxf6 29. Nxd5 Nxd5 30. Rxd4 Nxf4 31. Rxf4 Rc6
32. h6 g6 33. Qf3 Rc1+ 34. Kh2 Qc6 35. Qxc6 Rxc6 36. Re4 Kf7
37. Kg2 Bg5 38. b3 Bxh6 39. a4 Bg7 40. axb5 axb5 41. Bg4 Bc3
42. Be2 Rc5 43. Bf3 Kf6 44. Re3 Bd4 45. Rd3 Ke5 46. Bd1 Rc1
47. Rd2 Bc3 48. Re2+ Kd4 49. Bc2 Bb4 50. Be4 Rc3 51. Bb7 Rxb3
52. Rxe6 Rb2 53. Ba6 Bc5 54. Rf6 b4 55. Rf4+ Ke5 56. Bc4 Rc2
57. Bg8 g5 58. Rf3 h6 59. Bh7 Rd2 60. Bg8 g4 61. Rf4 h5
62. Bf7 0-1

[Event "Reykjavik Open"]
[Site "Reykjavik ISL"]
[Date "2017.04.22"]
[EventDate "2017.04.19"]
[Round "5.88"]
[Result "0-1"]
[White "Loftur Baldvinsson"]
[Black "Gerd Meier"]
[WhiteElo "1971"]
[BlackElo "1779"]
[PlyCount "158"]

1. e4 c5 2. Nc3 Nc6 3. Nge2 g6 4. g3 Bg7 5. Bg2 a6 6. O-O e6
7. d3 Nge7 8. f4 Nd4 9. e5 Nxe2+ 10. Qxe2 d5 11. exd6 Qxd6
12. Ne4 Qc7 13. c3 Ra7 14. a4 b6 15. a5 Bb7 16. axb6 Qxb6
17. Be3 Bxe4 18. dxe4 O-O 19. Rad1 a5 20. Rd2 a4 21. Qc4 Rc8
22. Rfd1 h5 23. Ra1 Qa6 24. Qxa6 Rxa6 25. Rd7 Bf8 26. Rb7 Nc6
27. Bf1 Raa8 28. Rd1 Rab8 29. Rdd7 Rxb7 30. Rxb7 Ra8 31. Rc7
Na5 32. Bxc5 Bxc5+ 33. Rxc5 Nb3 34. Rb5 a3 35. bxa3 Rxa3
36. Rb8+ Kg7 37. c4 Nd2 38. Rb2 Nxe4 39. Rc2 Nc5 40. Kf2 Kf6
41. Ke2 Ke7 42. Bg2 Kd6 43. Kd2 Nb3+ 44. Ke1 Kc5 45. Bf1 Ra1+
46. Kf2 Nd4 47. Rb2 Ra7 48. Ke3 Ra3+ 49. Ke4 f6 50. Rb7 Nc6
51. Rb5+ Kd6 52. c5+ Kc7 53. Bd3 f5+ 54. Ke3 e5 55. Kd2 e4
56. Bb1 e3+ 57. Ke1 Nd4 58. Rb2 Kc6 59. Rb8 Kxc5 60. Rc8+ Kb4
61. Rd8 Kc3 62. Rc8+ Kb2 63. Rb8+ Rb3 64. Rxb3+ Kxb3 65. h3 h4
66. g4 Kc3 67. g5 Nb5 68. Bxf5 gxf5 69. g6 Nd4 70. g7 Kd3
71. g8=Q Nc2+ 72. Kf1 e2+ 73. Kg2 e1=Q 74. Qb3+ Kd2 75. Qd5+
Kc1 76. Qc4 Qd2+ 77. Kh1 Kd1 78. Qb5 Qe1+ 79. Kh2 Qe2+ 0-1